000 00310nam a2200133Ia 4500
008 220216s9999 xx 000 0 und d
100 _aResmi Paul
245 0 _aNursery samrambhakante baalapaadangal
260 _bKarshakan
_c2011
300 _a14-Nov
650 _aBudding
650 _aRubber
942 _cJS
999 _c64236
_d64236